书目信息 |
| 题名: |
北京时间:长短波授时系统
|
|
| 作者: | 李孝辉 , 窦忠 , 赵晓辉 主编 | |
| 分册: | ||
| 出版信息: | 杭州 浙江教育出版社 2018.05 |
|
| 页数: | 223页 | |
| 开本: | 23cm | |
| 丛书名: | ||
| 单 册: | ||
| 中图分类: | P127.1 | |
| 科图分类: | ||
| 主题词: | 时间服务 | |
| 电子资源: | ||
| ISBN: | 978-7-5536-7310-3 | |
| 000 | 01152nam0 2200277 450 | |
| 001 | 3718 | |
| 005 | 20181009100150.53 | |
| 010 | @a978-7-5536-7310-3@dCNY45.00 | |
| 100 | @a20180714d2018 em y0chiy50 ea | |
| 101 | 0 | @achi |
| 102 | @aCN@b330000 | |
| 105 | @aa z 000yy | |
| 200 | 1 | @a北京时间:长短波授时系统@Abei jing shi jian:chang duan bo shou shi xi tong@9bei jing shi jian@e长短波授时系统@dBeijing time@eBPL and BPM national time service systems@f李孝辉,窦忠,赵晓辉主编@zeng |
| 205 | @a2版 | |
| 210 | @a杭州@c浙江教育出版社@d2018.05 | |
| 215 | @a223页@c彩图@d23cm | |
| 300 | @a科学文化工程公民科学素养系列 中国大科学装置出版工程 第一辑 国家出版基金项目 “十三五”国家重点出版物出版规划项目 | |
| 330 | @a本书介绍了长短波授时系统的工作原理和授时服务、国际合作机构,以及高精度时间在国民经济各个领域的应用。 | |
| 510 | 1 | @aBeijing time@eBPL and BPM national time service systems@zeng |
| 606 | 0 | @a时间服务 |
| 690 | @aP127.1@v5 | |
| 701 | 0 | @a李孝辉@9li xiao hui@f(1974-)@4主编 |
| 701 | 0 | @a窦忠@9dou zhong@f(1968-)@4主编 |
| 701 | 0 | @a赵晓辉@9zhao xiao hui@4主编 |
| 801 | 0 | @aCN@b91MARC@c20180714 |
| 905 | @aMuseLib@dP127.1@e269=2 | |
| 北京时间:长短波授时系统:长短波授时系统=Beijing time:BPL and BPM national time service systems/李孝辉,窦忠,赵晓辉主编.-2版.-杭州:浙江教育出版社,2018.05 |
| 223页:彩图;23cm |
| 科学文化工程公民科学素养系列 中国大科学装置出版工程 第一辑 国家出版基金项目 “十三五”国家重点出版物出版规划项目 |
| ISBN 978-7-5536-7310-3:CNY45.00 |
| 本书介绍了长短波授时系统的工作原理和授时服务、国际合作机构,以及高精度时间在国民经济各个领域的应用。 |
| ● |
| 相关链接 |
|
|
|
|
正题名:北京时间:长短波授时系统
索取号:P127.1/269=2
 
预约/预借
| 序号 | 登录号 | 条形码 | 馆藏地/架位号 | 状态 | 备注 |
| 1 | 1123382 | 211233823 | 第二样本阅览室/ [索取号:P127.1/269=2] | 在馆 | |
| 2 | 1123383 | 211233832 | 第三借阅区/ [索取号:P127.1/269=2] | 在馆 | |
| 3 | 1123384 | 211233841 | 第三借阅区/ [索取号:P127.1/269=2] | 在馆 | |
| 4 | 1123385 | 211233850 | 第三借阅区/ [索取号:P127.1/269=2] | 在馆 | |
| 5 | 1123386 | 211233869 | 第三借阅区/ [索取号:P127.1/269=2] | 在馆 |